The dilemma of popular sovereignty in the Middle East : (Record no. 83864)

MARC details
000 -LEADER
fixed length control field 00996nam a22002657a 4500
005 - DATE AND TIME OF LATEST TRANSACTION
control field 20140804122308.0
010 ## - LCCN (DPL NO)
LC control number ENG-109836
020 ## - INTERNATIONAL STANDARD BOOK NUMBER
International Standard Book Number 9789383649112
Terms of availability 620.00
035 ## - SYSTEM CONTROL NUMBER
System control number EN-93369
037 ## - SOURCE OF ACQUISITION
Source of stock number/acquisition DBAD/PUB
082 ## - DEWEY DECIMAL CLASSIFICATION NUMBER
Classification number 320.91767
245 00 - TITLE STATEMENT
Title The dilemma of popular sovereignty in the Middle East :
Statement of responsibility, etc edited by Kingshuk Chatterjee [and] Priya Singh
Remainder of title power from or to the people /
260 ## - PUBLICATION, DISTRIBUTION, ETC. (IMPRINT)
Place of publication, distribution, etc New Delhi
Name of publisher, distributor, etc KW Publishers
Date of publication, distribution, etc 2014
270 ## - ADDRESS
Address 4676/21, First Floor, Ansari Road, Daryaganj,
City New Delhi
Postal code 110002
300 ## - PHYSICAL DESCRIPTION
Extent 193p.
Dimensions 24cm(Hb)
500 ## - GENERAL NOTE
General note Contributed articles.
500 ## - GENERAL NOTE
General note Includes bibliographical references.
650 ## - SUBJECT ADDED ENTRY--TOPICAL TERM
Topical term or geographic name as entry element Islam and politics
Geographic subdivision Middle East.
650 ## - SUBJECT ADDED ENTRY--TOPICAL TERM
Topical term or geographic name as entry element Sovereignty.
700 ## - ADDED ENTRY--PERSONAL NAME
Personal name Chatterjee, Kingshuk
700 ## - ADDED ENTRY--PERSONAL NAME
Personal name Singh, Priya
710 ## - ADDED ENTRY--CORPORATE NAME
Corporate name or jurisdiction name as entry element Institute of Foreign Policy Studies (Calcutta, India)
710 ## - ADDED ENTRY--CORPORATE NAME
Corporate name or jurisdiction name as entry element University of Calcutta.
Subordinate unit Centre for Pakistan and West Asian Studies.
942 ## - ADDED ENTRY ELEMENTS (KOHA)
Source of classification or shelving scheme Dewey Decimal Classification
Item type English Books
Call number suffix DIL
Classification part 320.91767
Holdings
Withdrawn status Lost status Not for loan Collection code Home library Current library Date acquired Source of acquisition Cost, normal purchase price Full call number Barcode Copy number Cost, replacement price Koha item type
    Not For Loan Non-fiction D.B.Act.Division D.B.Act.Division 29/04/2014 DBAD/PUB 620.00 320.91767 DIL EN-93369 1 620.00 English Books

© Delhi Public Library
Hit Counter
free hit counter